| 000 | 00985nas a2200313 4500 | ||
|---|---|---|---|
| 001 | BR0402778 | ||
| 003 | BR-BrBNA | ||
| 005 | 20231205104556.0 | ||
| 007 | ta | ||
| 008 | 230509b bl.|||p| |||| 00| 00por d | ||
| 040 |
_aBR-BrBNA _bpor _cBiblioteca Nacional de Agricultura |
||
| 041 | _a(Pt) | ||
| 072 | _aK10; E16 | ||
| 100 | 1 | _aMinetti, L.J. | |
| 100 | 1 | _aOliveira Filho, R.F. de | |
| 100 | 1 | _aPinto, L.A. de A. | |
| 100 | 1 | _aSouza, A.P. de | |
| 100 | 1 | _aFiedler, N.C. | |
| 245 | 1 | _aAnálise técnica e econômica do corte florestal planejado de floresta tropical úmida de terra-firme na Amazônia Ocidental | |
| 650 | _aFLORESTA TROPICAL ÚMIDA | ||
| 650 | _aCORTE | ||
| 650 | _aSERRA ELÉTRICA | ||
| 650 | _aANÁLISE ECONÔMICA | ||
| 650 | _aCUSTO OPERACIONAL | ||
| 650 | _aAMAZÔNIA | ||
| 773 | 0 |
_tRevista Árvore (Brazil) _xISSN 0100-6762 _g(Oct-Dec 2000), v. 24(4) p. 429-435 _wBR0402778 |
|
| 909 |
_a202311 _bLúcia _c55 _dLúcia Elande |
||
| 942 |
_2AGRIS _n0 _cANA |
||
| 999 |
_c178794 _d178794 |
||